000 00714nam a22002417a 4500
003 UA-OsUOA
001 119869
007 ta
008 20161121b un ||||| |||| 00| 0 ukr d
100 _aЛозова Н. Є.
090 _a81'367.622(03)
_bЛ72
942 _cBK
040 _aUA-OsUOA
_bukr
_cUA-OsUOA
_dUA-OsUOA
245 _aІменник
_bграматичний довідник
300 _a287 с.
955 _a1
041 _aukr
080 _a81'367.622(03)
020 _a978-966-00-1552-4
260 _aК.
_bНаукова думка
_c2016
650 7 _a8 Мовознавство. Художня література. Літературознавство
_2UDC
999 _c405761
_d405761